| Tag |
First Indicator |
Second Indicator |
Subfields |
| LEADER |
00000cgm a2200000Mi 4500 |
| 001 |
in00005590913 |
| 006 |
m o c |
| 007 |
cr |n||||||||a |
| 007 |
vz |za|z| |
| 008 |
200210s2016 enk047 e o vueng d |
| 005 |
20241201233424.7 |
| 035 |
|
|
|a (OCoLC)on1144768150
|
| 040 |
|
|
|a ALSTP
|b eng
|e rda
|c ALSTP
|d OCLCO
|d OCLCF
|d OCLCO
|d OCLCL
|d OCLCQ
|d DXU
|
| 019 |
|
|
|a 1373487085
|a 1443948617
|
| 035 |
|
|
|a (OCoLC)1144768150
|z (OCoLC)1373487085
|z (OCoLC)1443948617
|
| 049 |
|
|
|a TXAM
|
| 245 |
0 |
0 |
|a Life below zero.
|n Series 4, Episode 16,
|p The thaw.
|p Head above water /
|c producers, Crofton Diack, Rob Pollard, Alex Rinks ; produced by Adjacent Productions for National Geographic Channels.
|
| 264 |
|
1 |
|a London, England :
|b BBC Worldwide,
|c 2016.
|
| 300 |
|
|
|a 1 online resource (47 minutes)
|
| 306 |
|
|
|a 004631
|
| 336 |
|
|
|a two-dimensional moving image
|b tdi
|2 rdacontent
|
| 337 |
|
|
|a computer
|b c
|2 rdamedia
|
| 337 |
|
|
|a video
|b v
|2 rdamedia
|
| 338 |
|
|
|a online resource
|b cr
|2 rdacarrier
|
| 347 |
|
|
|a video file
|2 rda
|
| 490 |
0 |
|
|a Academic Video Online
|
| 500 |
|
|
|a Title from resource description page (viewed February 10, 2020).
|
| 511 |
0 |
|
|a Narrated by James Franzo.
|
| 520 |
|
|
|a As the rivers melt and waters rise across the Arctic, Alaskans try to stay ahead of the changing landscape. In Kavik, Sue Aikens must fix her loader in order to repair the water damage on her runway and get crucial fuel for her business into camp. In Chandalar, Glenn Villeneuve hikes through the Brooks Range in search of his canoe that he buried 3 years ago, but melting river ice will force him to swim through freezing waters to reach his destination. In Eagle, Andy Bassich learns a new skill and builds a kayak to hunt and fish with along the Yukon River this spring.
|
| 546 |
|
|
|a In English.
|
| 650 |
|
0 |
|a Self-reliant living
|z Alaska.
|
| 650 |
|
0 |
|a Rural families
|z Alaska.
|
| 650 |
|
0 |
|a Hunting
|z Alaska.
|
| 650 |
|
0 |
|a Spring
|z Alaska.
|
| 650 |
|
0 |
|a Survivalism
|z Alaska.
|
| 650 |
|
0 |
|a Wilderness areas
|z Alaska.
|
| 651 |
|
0 |
|a Alaska
|x Social life and customs.
|
| 650 |
|
6 |
|a Autosuffisance (Style de vie)
|z Alaska.
|
| 650 |
|
6 |
|a Familles rurales
|z Alaska.
|
| 650 |
|
6 |
|a Chasse
|z Alaska.
|
| 650 |
|
6 |
|a Printemps
|z Alaska.
|
| 650 |
|
6 |
|a Survivalisme
|z Alaska.
|
| 650 |
|
6 |
|a Réserves de la vie sauvage
|z Alaska.
|
| 651 |
|
6 |
|a Alaska
|x Mœurs et coutumes.
|
| 650 |
|
7 |
|a Hunting.
|2 fast
|0 (OCoLC)fst00964162
|
| 650 |
|
7 |
|a Manners and customs.
|2 fast
|0 (OCoLC)fst01007815
|
| 650 |
|
7 |
|a Rural families.
|2 fast
|0 (OCoLC)fst01101623
|
| 650 |
|
7 |
|a Self-reliant living.
|2 fast
|0 (OCoLC)fst01736333
|
| 650 |
|
7 |
|a Spring.
|2 fast
|0 (OCoLC)fst01130905
|
| 650 |
|
7 |
|a Survivalism.
|2 fast
|0 (OCoLC)fst01139664
|
| 650 |
|
7 |
|a Wilderness areas.
|2 fast
|0 (OCoLC)fst01175164
|
| 651 |
|
7 |
|a Alaska.
|2 fast
|0 (OCoLC)fst01204480
|1 https://id.oclc.org/worldcat/entity/E39QbtfRq9rTfb3H89Vvrr9x9c
|
| 655 |
|
7 |
|a Documentary television programs.
|2 fast
|0 (OCoLC)fst01710387
|
| 655 |
|
7 |
|a Nonfiction television programs.
|2 fast
|0 (OCoLC)fst01710270
|
| 655 |
|
7 |
|a Reality television programs.
|2 fast
|0 (OCoLC)fst01710470
|
| 655 |
|
7 |
|a Television programs.
|2 fast
|0 (OCoLC)fst01726253
|
| 655 |
|
7 |
|a Documentary television programs.
|2 lcgft
|
| 655 |
|
7 |
|a Reality television programs.
|2 lcgft
|
| 655 |
|
7 |
|a Nonfiction television programs.
|2 lcgft
|
| 655 |
|
7 |
|a Television programs.
|2 lcgft
|
| 655 |
|
7 |
|a Documentaires télévisés.
|2 rvmgf
|
| 655 |
|
7 |
|a Émissions télévisées autres que de fiction.
|2 rvmgf
|
| 655 |
|
7 |
|a Émissions télévisées.
|2 rvmgf
|
| 700 |
1 |
|
|a Rinks, Alex,
|e producer.
|
| 700 |
1 |
|
|a Pollard, Rob,
|e producer.
|
| 700 |
1 |
|
|a Diack, Crofton,
|e producer.
|
| 700 |
1 |
|
|a Franzo, James,
|e narrator.
|
| 710 |
2 |
|
|a Adjacent Productions,
|e production company.
|
| 710 |
2 |
|
|a BBC Worldwide Ltd.,
|e film distributor.
|
| 856 |
4 |
0 |
|u http://proxy.library.tamu.edu/login?url=https://www.aspresolver.com/aspresolver.asp?MARC;4689307
|z Connect to this streaming video (Alexander Street Press)
|t 0
|
| 955 |
|
|
|a Alexander Street Press subscription streaming video
|
| 994 |
|
|
|a 92
|b TXA
|
| 999 |
f |
f |
|s 9b983a60-0489-48c8-94f3-7506dfbb921a
|i db016cf9-5e0b-4e7c-a2c4-c3b8db0d978c
|t 0
|
| 952 |
f |
f |
|a Texas A&M University
|b College Station
|c Electronic Resources
|d Available Online
|t 0
|h Library of Congress classification
|
| 998 |
f |
f |
|t 0
|l Available Online
|